00887nam a22002177a 4500001000700000003000900007005001700016008004100033040004400074041000800118082001900126110005600145245009700201260004100298300003600339650007300375650007400448942001200522999001900534952011600553114497DR-UNIBE20260330092559.0260323b2003 ck ||||| |||| 00| 0 spa d aBIBLIOTECA UNIBEcBIBLIOTECA UNIBEerda aspa a347.7287 R426p2 aRepública de Panamá.bÓrgano Judicial920362010aPerspectivas históricas sobre la justicia panameña en su primeros centenario 1903-2003 aPanamá :bÓrgano Judicial,c2003 a312 páginas : bilustraciones aAdministración de JusticiazPanamáxHistoriaySiglo XX 9203949 aAdministración de Justicia zPanamáxHistoriay Siglo XXI9203950 2ddccBK c114497d114497 00102ddc708GENaPrincipald2026-01-01l0o347.7287 R426pp260123r2026-03-30 09:28:34tEj. 1w2026-03-30yBK